| 000 | 02767nam a2200493 a 4500 | ||
|---|---|---|---|
| 003 | Mxchpua | ||
| 005 | 20251029184305.0 | ||
| 007 | ta | ||
| 008 | 250710s2025 mx ado|fs|||| 001 0 spa d | ||
| 040 | _amxchpua | ||
| 090 |
_aT.C.962 _bT67 IA _c2025 |
||
| 245 | 1 | 0 |
_aRevisión documental y fase de campo en: _bestado de México, Querétaro, Guanajuato, Jalisco y Nayarit / _ccoordinadores Nancy Toriz Robles y Matías Manzano Zavala ; colaboradores Evelin Águila Sánchez...[y otros] |
| 260 |
_aChapingo, México : _bEl autor, _c2025 |
||
| 300 |
_a1 recurso en línea (iii, 259 páginas) : _bilustraciones, tablas, gráficas, fotografías |
||
| 336 |
_2rdacontent _aTexto _btxt |
||
| 337 |
_2rdamedia _acomputadora _bc |
||
| 338 |
_2rdacarrier _arecurso en línea _bcr |
||
| 500 | _aGrado: 4° Grupo: 2 Directorio : páginas 247-248 | ||
| 502 |
_aViaje de Estudios _b(IA) -- _cUACh. Departamento de Ingeniería Agroindustrial, _d2025 |
||
| 504 | _aBibliografía ; páginas 249-259 | ||
| 505 | 0 | 0 |
_aVisitas: -- _t1. Liconsa Chalco -- 2. Granja del Carmen -- 3. El Castillo del Chocolate -- 4. Rastro TIF 412 -- 5. Oly queseria -- 6. Fresas cristalita -- 7. Rastro Avicola -- 8. Reserva de la Reyna -- 9. Botas o cuero en León -- 10. Avibel -- 11. Jose Cuervo -- 12. Café de Altura Xalisco -- 13. Vino de Jamaica -- 14. Ingenio Azucarero -- 15. Dulcería Don Tino Alvarado -- 16. Arroz -- 17. Bimbo -- 18. Cerveza artesanal -- 19. Dailyavena -- 20. Yakult -- 21. Rancho Santa Marina -- 22. Freixenet México |
| 650 | 1 | 3 |
_aIndustria de los alimentos _zMéxico _9151398 |
| 650 | 1 | 0 |
_aIndustria de la grasa y el aceite _zMéxico _9156441 |
| 650 | 1 | 3 |
_aIndustria láctea _zMéxico _9154840 |
| 650 | 1 | 3 |
_aIndustria del ganado y de la carne _zMéxico _9147829 |
| 650 | 1 | 3 |
_aIndustria de bebidas _zMéxico _9157685 |
| 650 | 1 | 3 |
_aIndustria cervecera _zMéxico _9149284 |
| 650 | 1 | 3 |
_aIndustria azucarera _zMéxico _957791 |
| 650 | 1 | 0 |
_aIndustria molinera _zMéxico _9155367 |
| 650 | 1 | 3 |
_aIndustria agrícola _x _zMéxico _9175687 |
| 650 | 1 | 3 |
_aFood industry _zMexico _9151397 |
| 650 | 1 | 3 |
_aFats and oils industry _zMexico _9156440 |
| 650 | 1 | 3 |
_aDairy industry _zMexico _9152363 |
| 650 | 1 | 3 |
_aLivestock and meat industry _zMexico _9147830 |
| 650 | 1 | 3 |
_aBeverage industry _zMexico _9157683 |
| 650 | 1 | 3 |
_aBrewing industry _zMéxico _9149282 |
| 650 | 1 | 3 |
_aSugar industry _zMexico _9148429 |
| 650 | 1 | 0 |
_aMilling industry _zMexico _9155370 |
| 650 | 1 | 3 |
_aAgricultural industry _xMexico _9148564 |
| 700 | 1 |
_aToriz Robles, Nancy _9113948 _ecoordinadora |
|
| 700 | 1 |
_aManzano Zavala, Matías _9185157 _ecoordinador |
|
| 700 | 1 |
_aÁguila Sánchez, Evelin _9190785 _ecolaboradora |
|
| 856 | 4 | 1 |
_yDESCARGAR REPORTE _uhttp://10.13.5.2/ve/TC962_IA/TC962_IA_2025-REPORTE.pdf |
| 999 |
_c220748 _d220748 |
||